000 01016nam a22002177a 4500
999 _c62798
_d62798
003 Ge_BSU
005 20250218112259.0
008 250218s1956 ge ||||| |||| 00| 0 geo d
041 _ageo
080 _a616.8-001.1 ჩ-69
100 _aჩიქოვანი, კ.
_924384
245 _aნერვული სისტემის ტრავმული დაავადებანი. წ. 2 /
_cკ. ჩიქოვანი, ა. მინდაძე, ა. ზოიძე.
264 _aთბილისი :
_b საქმედგამი,
_c1956.
300 _a395 გვ. :
_bილ.;
_c26 სმ.
504 _aბიბლიოგრაფია: გვ. 382-92.
653 _aნერვული სისტემის ტრავმული დაავადებები
653 _aმედიცინა
700 _aმინდაძე, ა.ა.
_eავტორი
_924385
700 _aზოიძე, ა.კ.
_eავტორი
_924386
942 _2udc
_cBK